000 00632nam a2200229Ia 4500
003 OSt
005 20220924134755.0
006 a|||||r|||| 00| 0
007 ta
008 220923b |||||||| |||| 00| 0 ben d
024 _a287169
037 _cTextual
040 _aARTS
_cARTS
_bben
041 _2ben
_aben
082 _a4,P157.44Q72'N05<-M47, 157M5.5
100 _aMamoon Muntassir
245 0 _aUnish shatake bangladesher sangbad - samayikpatra
260 _c1985
490 _vVol. 5
942 _h4,P157.44Q72'N05<-M47, 157M5.5
_cTEXL
_2CC
999 _c438515
_d438515